Harry Potter - 7 x 7 - Statistics

General Stats
  • This quiz has been taken 877 times
  • The average score is 39 of 49
Answer Stats
Answer % Correct
Harry Potter
99%
Nagini
96%
Harry Potter
94%
Harry Potter
94%
Tom Riddle's diary
94%
Harry Potter
93%
Hermione Granger
93%
Ron Weasley
93%
Hermione Granger
92%
Hermione Granger
92%
Ron Weasley
92%
Ron Weasley
92%
Rowena Ravenclaw's diadem
92%
Severus Snape
92%
Marvolo Gaunt's ring
91%
Helga Hufflepuff's cup
89%
Remus Lupin
89%
Salazar Slytherin's locket
88%
Dolores Umbridge
87%
Neville Longbottom
87%
Guilderoy Lockhart
86%
Quirinus Quirrell
86%
Albus Dumbledore
85%
Basilisk venom on the sword of Gryffindor
84%
Basilisk venom on the sword of Gryffindor
84%
Basilisk venom on the sword of Gryffindor
84%
Luna Lovegood
82%
Wizard chess game
81%
Bartemius Crouch junior
77%
Flying keys
76%
Fluffy
75%
Fred Weasley
75%
Basilisk venom in a basilisk fang
74%
Basilisk venom in a basilisk fang
74%
George Weasley
74%
Voldemort
73%
Amycus Carrow
71%
Garrick Ollivander
70%
Fiendfire
67%
Mirror of Erised
65%
Devil's snare
63%
Fleur Delacour
63%
Potions riddle
63%
Griphook
57%
Mundungus Fletcher
57%
The killing curse
56%
Vincent Crabbe
54%
Dean Thomas
36%
Troll
35%
No matching quizzes found
Score Distribution
Percent of People with Each Score
Percentile by Number Answered
Your Score History
You have not taken this quiz